[Event "EU-ch rapid"]
[Site "Skopje"]
[Date "2018.12.08"]
[Round "4"]
[White "Voigt, Martin"]
[Black "Nestorovic, Nikola"]
[Result "0-1"]
[WhiteElo "2338"]
[BlackElo "2460"]
[PlyCount "48"]
[EventDate "2018.12.08"]
[EventType "swiss (rapid)"]
[EventRounds "13"]
[EventCountry "MKD"]
[SourceTitle "CBM 187 Extra"]
[Source "ChessBase"]
[SourceDate "2018.11.04"]
[SourceVersion "1"]
[SourceVersionDate "2018.11.04"]
[SourceQuality "1"]

1. e4 e5 2. Nf3 Nc6 3. Bc4 Bc5 4. c3 Nf6 5. d3 0-0 6. 0-0 d5 7. exd5 Nxd5 8. Re1 Bg4 9. h3 Bh5 10. Nbd2 Nb6 11. Ne4 Nxc4 12. Nxc5 Nd6 13. g4 Bg6 14. Nxe5 Nxe5 15. Rxe5 b6 16. Nb3 Nc4 17. Re1 Qxd3 18. Qxd3 Bxd3 19. Nd4 c5 20. Nc6 Rfe8 21. Bf4 Be4 22. Nb8 g5 23. Bg3 Nd2 24. Nd7 Nf3+ 0-1

[Event "BL2-Nord 1819"]
[Site "Germany"]
[Date "2018.11.11"]
[Round "2.6"]
[White "Voigt, Martin"]
[Black "Christ, Ralf"]
[Result "1-0"]
[WhiteElo "2308"]
[BlackElo "2271"]
[PlyCount "81"]
[EventDate "2018.11.10"]
[EventType "team-tourn"]
[EventRounds "10"]
[EventCountry "GER"]
[SourceTitle "CBM 190 Extra"]
[Source "ChessBase"]
[SourceDate "2019.07.15"]
[SourceVersion "1"]
[SourceVersionDate "2019.07.15"]
[SourceQuality "1"]
[WhiteTeam "St Pauli"]
[BlackTeam "Luebeck"]
[WhiteTeamCountry "GER"]
[BlackTeamCountry "GER"]

1. e4 e5 2. Nf3 Nc6 3. Bc4 Bc5 4. c3 Nf6 5. d3 a6 6. h3 Ba7 7. 0-0 0-0 8. Re1 d5 9. exd5 Nxd5 10. Nxe5 Nxe5 11. Rxe5 Bxf2+ 12. Kxf2 Qf6+ 13. Qf3 Qxe5 14. Qxd5 Qxd5 15. Bxd5 Rd8 16. Bf3 Rxd3 17. Bf4 c6 18. Nd2 Bf5 19. Nb3 Rdd8 20. Na5 Rd7 21. c4 Re8 22. c5 Rd4 23. Kg3 Bc8 24. b3 h6 25. h4 Re6 26. Bd6 Rg6+ 27. Kf2 Rxh4 28. Rd1 Be6 29. Nxb7 Rf6 30. Be7 Rxf3+ 31. Kxf3 g5 32. Rd6 Rb4 33. Nd8 Bg4+ 34. Kg3 Re4 35. Nxc6 f5 36. Rxh6 Re3+ 37. Kh2 Re2 38. Bxg5 Bf3 39. Nd4 Rxg2+ 40. Kh3 Be4 41. Bf4 1-0

[Event "BL2-Nord 1718"]
[Site "Germany"]
[Date "2018.02.04"]
[Round "6.4"]
[White "Voigt, Martin"]
[Black "Bruedigam, Martin"]
[Result "1/2-1/2"]
[WhiteElo "2346"]
[BlackElo "2402"]
[PlyCount "51"]
[EventDate "2017.10.08"]
[EventType "team-tourn"]
[EventRounds "9"]
[EventCountry "GER"]
[SourceTitle "CBM 183 Extra"]
[Source "ChessBase"]
[SourceDate "2018.04.19"]
[SourceVersion "1"]
[SourceVersionDate "2018.04.19"]
[SourceQuality "1"]
[WhiteTeam "St Pauli"]
[BlackTeam "Koenig Tegel"]
[WhiteTeamCountry "GER"]
[BlackTeamCountry "GER"]

1. e4 e5 2. Nf3 Nc6 3. Nc3 Nf6 4. d4 exd4 5. Nxd4 Bc5 6. Nxc6 bxc6 7. Bd3 0-0 8. 0-0 Re8 9. h3 h6 10. Qf3 d5 11. exd5 cxd5 12. Bf4 c6 13. Rfe1 Rxe1+ 14. Rxe1 Be6 15. Ne2 Ne4 16. Bxe4 dxe4 17. Qxe4 Qb6 18. Bg3 Qxb2 19. Nf4 Qxa2 20. Qxc6 Rc8 21. Qb7 Bf5 22. Nd5 Qxc2 23. Ne7+ Bxe7 24. Rxe7 Qc4 25. Qxa7 Be6 26. Rc7 1/2-1/2

[Event "Lueneburg op-A"]
[Site "Lueneburg"]
[Date "2017.07.16"]
[Round "9"]
[White "Voigt, Martin"]
[Black "Wenzel, Birger"]
[Result "1-0"]
[WhiteElo "2346"]
[BlackElo "2130"]
[PlyCount "71"]
[EventDate "2017.07.08"]
[EventType "swiss"]
[EventRounds "9"]
[EventCountry "GER"]
[SourceTitle "CBM 179 Extra"]
[Source "ChessBase"]
[SourceDate "2017.08.23"]
[SourceVersion "1"]
[SourceVersionDate "2017.08.23"]
[SourceQuality "1"]

1. e4 c5 2. Nf3 d6 3. Bb5+ Bd7 4. Bxd7+ Nxd7 5. 0-0 Ngf6 6. Qe2 e6 7. c3 Be7 8. d4 0-0 9. e5 Ne8 10. Qe4 d5 11. Qg4 Kh8 12. Rd1 c4 13. Re1 Nc7 14. Bf4 b5 15. Nbd2 b4 16. Nf1 a5 17. Re3 a4 18. cxb4 Bxb4 19. Ng5 f6 20. exf6 Qxf6 21. Rf3 Qxd4 22. Qh3 h6 23. Bxc7 Rxf3 24. Nxf3 Qxb2 25. Qxe6 Nf6 26. Be5 c3 27. Bxf6 Qxa1 28. Bd4 Qc1 29. Qxd5 Rf8 30. Qb7 Rg8 31. Qxb4 c2 32. Bb2 Qb1 33. Qc3 a3 34. Bxa3 Rb8 35. Ne1 Qxa2 36. Nxc2 1-0

[Event "Lueneburg op-A"]
[Site "Lueneburg"]
[Date "2017.07.14"]
[Round "7"]
[White "Voigt, Martin"]
[Black "Rogozenco, Teodora Nana"]
[Result "1-0"]
[WhiteElo "2346"]
[BlackElo "2169"]
[PlyCount "115"]
[EventDate "2017.07.08"]
[EventType "swiss"]
[EventRounds "9"]
[EventCountry "GER"]
[SourceTitle "CBM 179 Extra"]
[Source "ChessBase"]
[SourceDate "2017.08.23"]
[SourceVersion "1"]
[SourceVersionDate "2017.08.23"]
[SourceQuality "1"]

1. e4 e5 2. Nf3 Nc6 3. Bc4 Bc5 4. c3 Nf6 5. d3 d6 6. Bb3 a6 7. h3 Ba7 8. 0-0 h6 9. Re1 g5 10. Nh2 g4 11. hxg4 Rg8 12. g5 hxg5 13. Be3 g4 14. Bxa7 Nxa7 15. Nd2 Bd7 16. Ndf1 Qe7 17. Ne3 0-0-0 18. Nhf1 Nh5 19. g3 Nf4 20. Nd5 Nxd5 21. Bxd5 Rh8 22. Ne3 c6 23. Bb3 f5 24. exf5 Qh7 25. Kf1 Bxf5 26. Ke2 Rdf8 27. Rh1 Qg6 28. Rxh8 Rxh8 29. Kd2 Rf8 30. Qe2 Bd7 31. Rh1 Kc7 32. Rh4 Rf3 33. Bd1 Qf6 34. Ke1 Qg6 35. Nxg4 Rf7 36. Bb3 Rh7 37. Rxh7 Qxh7 38. Ne3 Nc8 39. Kd2 Ne7 40. Qf3 Bf5 41. Nxf5 Nxf5 42. g4 Qh6+ 43. Ke2 Nh4 44. Qf7+ Kb6 45. Qh5 Qf6 46. g5 Qf4 47. g6 e4 48. g7 e3 49. fxe3 Qh2+ 50. Kd1 Qg1+ 51. Kd2 Qg2+ 52. Kc1 Nf3 53. a4 Qg1+ 54. Bd1 Qxe3+ 55. Kb1 Qxd3+ 56. Bc2 Qf1+ 57. Ka2 Qg2 58. Qg6 1-0

[Event "Lueneburg op-A"]
[Site "Lueneburg"]
[Date "2017.07.12"]
[Round "5"]
[White "Voigt, Martin"]
[Black "Bach, Matthias"]
[Result "0-1"]
[WhiteElo "2346"]
[BlackElo "2200"]
[PlyCount "66"]
[EventDate "2017.07.08"]
[EventType "swiss"]
[EventRounds "9"]
[EventCountry "GER"]
[SourceTitle "CBM 179 Extra"]
[Source "ChessBase"]
[SourceDate "2017.08.23"]
[SourceVersion "1"]
[SourceVersionDate "2017.08.23"]
[SourceQuality "1"]

1. e4 d6 2. d4 Nf6 3. Nc3 g6 4. f4 Bg7 5. Nf3 c5 6. dxc5 Qa5 7. Bd3 Qxc5 8. Qe2 0-0 9. Be3 Qa5 10. 0-0 Bg4 11. Qe1 Bxf3 12. Rxf3 Ng4 13. Bd2 Nc6 14. Kh1 Rac8 15. Nd5 Qd8 16. Qh4 e6 17. Qxg4 exd5 18. exd5 f5 19. Qh3 Nd4 20. Rf2 Nxc2 21. Rd1 Qb6 22. Re2 Qxb2 23. g4 fxg4 24. Qxg4 Nd4 25. Re7 Nf5 26. Bxf5 Rxf5 27. Qe2 Rcf8 28. Qe6+ Kh8 29. Be3 Qe2 30. Rg1 Qf3+ 31. Rg2 Rxd5 32. Re8 Rd1+ 33. Bg1 Rxg1+ 0-1

[Event "Lueneburg op-A"]
[Site "Lueneburg"]
[Date "2017.07.09"]
[Round "2"]
[White "Keyser, Philipp"]
[Black "Voigt, Martin"]
[Result "1/2-1/2"]
[WhiteElo "2036"]
[BlackElo "2346"]
[PlyCount "102"]
[EventDate "2017.07.08"]
[EventType "swiss"]
[EventRounds "9"]
[EventCountry "GER"]
[SourceTitle "CBM 179 Extra"]
[Source "ChessBase"]
[SourceDate "2017.08.23"]
[SourceVersion "1"]
[SourceVersionDate "2017.08.23"]
[SourceQuality "1"]

1. e4 c6 2. d4 d5 3. Nc3 dxe4 4. Nxe4 g6 5. Be3 Bg7 6. Qd2 Nf6 7. Nxf6+ exf6 8. h4 h5 9. Bd3 Nd7 10. Ne2 f5 11. Bg5 Nf6 12. 0-0-0 0-0 13. Kb1 b5 14. Bh6 Nd5 15. Bxg7 Kxg7 16. Nf4 Re8 17. Rh3 Nxf4 18. Qxf4 Qd5 19. Rg3 Be6 20. b3 a5 21. Be2 a4 22. Bxh5 axb3 23. axb3 Qd8 24. Qd2 Qxh4 25. Rh3 Qf6 26. Bf3 f4 27. Bxc6 Bxh3 28. Bxa8 Rxa8 29. gxh3 Qa6 30. Qc3 b4 31. Qb2 Qe2 32. d5+ f6 33. Qd4 Rc8 34. Rc1 Qe5 35. Qxb4 Qxd5 36. Qxf4 Ra8 37. Qc7+ Kh6 38. Qc3 Qd6 39. Re1 g5 40. Rg1 Qa6 41. Qb2 Qd6 42. h4 gxh4 43. Qc1+ Kh5 44. Qe3 Qd5 45. Qf4 Rg8 46. Rxg8 Qxg8 47. Qxf6 h3 48. Qf5+ Kh4 49. Qf4+ Qg4 50. Qh6+ Qh5 51. Qf4+ Qg4 1/2-1/2

[Event "Lueneburg op-A"]
[Site "Lueneburg"]
[Date "2017.07.08"]
[Round "1"]
[White "Voigt, Martin"]
[Black "Kalveus, Jan"]
[Result "1-0"]
[WhiteElo "2346"]
[BlackElo "1856"]
[PlyCount "63"]
[EventDate "2017.07.08"]
[EventType "swiss"]
[EventRounds "9"]
[EventCountry "GER"]
[SourceTitle "CBM 179 Extra"]
[Source "ChessBase"]
[SourceDate "2017.08.23"]
[SourceVersion "1"]
[SourceVersionDate "2017.08.23"]
[SourceQuality "1"]

1. e4 e6 2. d4 d5 3. Nc3 Bb4 4. exd5 exd5 5. Bd3 Ne7 6. Qh5 Qd6 7. Nge2 Ng6 8. 0-0 c6 9. f4 Nd7 10. f5 Nf6 11. Qf3 Ne7 12. Bf4 Qd8 13. Be5 Bd6 14. Qg3 Bxe5 15. dxe5 Nd7 16. f6 Ng6 17. fxg7 Rg8 18. e6 Nf6 19. Qf2 fxe6 20. Qxf6 Qxf6 21. Rxf6 Rxg7 22. Raf1 Nh4 23. g3 Ke7 24. Rh6 Ng6 25. Bxg6 hxg6 26. Rh8 Rf7 27. Rxf7+ Kxf7 28. h4 a5 29. a4 e5 30. Kf2 b6 31. g4 Bb7 32. Rh7+ 1-0

[Event "Oberliga Nord N 1617"]
[Site "Germany"]
[Date "2017.05.07"]
[Round "9.3"]
[White "Kesten, Sebastian"]
[Black "Voigt, Martin"]
[Result "1-0"]
[WhiteElo "2275"]
[BlackElo "2340"]
[PlyCount "83"]
[EventDate "2016.10.16"]
[EventType "team-tourn"]
[EventRounds "9"]
[EventCountry "GER"]
[SourceTitle "EXT 2018"]
[Source "ChessBase"]
[SourceDate "2017.10.13"]
[SourceVersion "1"]
[SourceVersionDate "2017.10.13"]
[SourceQuality "1"]
[WhiteTeam "Schwerin"]
[BlackTeam "St Pauli"]
[WhiteTeamCountry "GER"]
[BlackTeamCountry "GER"]

1. d4 d5 2. c4 c6 3. cxd5 cxd5 4. Nc3 Nf6 5. Bf4 Nc6 6. e3 a6 7. Bd3 Bg4 8. Nge2 Bxe2 9. Qxe2 e6 10. 0-0 Bd6 11. Bxd6 Qxd6 12. Na4 Nd7 13. Rfc1 0-0 14. a3 g6 15. b4 a5 16. b5 Ne7 17. Qb2 Rfc8 18. b6 Rxc1+ 19. Rxc1 Rc8 20. Rb1 h5 21. g3 h4 22. Kg2 Kg7 23. Nc5 Rb8 24. Nxd7 Qxd7 25. Rc1 Qd6 26. Rc5 hxg3 27. hxg3 Nc8 28. Rxa5 Nxb6 29. Rb5 Nc4 30. Bxc4 dxc4 31. Qc3 Kg8 32. Qxc4 Qxa3 33. Qc7 Qa8 34. Rb6 Kg7 35. Qe5+ Kg8 36. e4 Rc8 37. Rb1 Kf8 38. Qd6+ Kg8 39. Qe5 Kf8 40. d5 Qa2 41. Qh8+ Ke7 42. Rxb7+ 1-0

[Event "Oberliga Nord N 1617"]
[Site "Germany"]
[Date "2017.02.19"]
[Round "6.3"]
[White "Voigt, Martin"]
[Black "Menzel, Ralf"]
[Result "1-0"]
[WhiteElo "2340"]
[BlackElo "2208"]
[PlyCount "111"]
[EventDate "2016.10.16"]
[EventType "team-tourn"]
[EventRounds "9"]
[EventCountry "GER"]
[SourceTitle "EXT 2018"]
[Source "ChessBase"]
[SourceDate "2017.10.13"]
[SourceVersion "1"]
[SourceVersionDate "2017.10.13"]
[SourceQuality "1"]
[WhiteTeam "St Pauli"]
[BlackTeam "Neumuenster Agon"]
[WhiteTeamCountry "GER"]
[BlackTeamCountry "GER"]

1. e4 c5 2. Nf3 Nc6 3. d4 cxd4 4. Nxd4 e5 5. Nb5 a6 6. Nd6+ Bxd6 7. Qxd6 Qf6 8. Qxf6 Nxf6 9. Nc3 Nb4 10. Bd3 d5 11. exd5 Nfxd5 12. Nxd5 Nxd5 13. 0-0 Be6 14. Re1 Nb4 15. Be4 0-0-0 16. a3 Nd5 17. g3 f6 18. Bd2 Rd7 19. Rec1 Kb8 20. Ba5 f5 21. Bg2 Rc8 22. c4 Ne7 23. Bc3 Ng6 24. b3 Ka7 25. h4 b5 26. h5 Nf8 27. Bxe5 bxc4 28. Bf1 g6 29. bxc4 gxh5 30. Bf4 Rb7 31. Be3+ Kb8 32. c5 Rc6 33. Bg2 Rbc7 34. Rab1+ Kc8 35. Bxc6 Rxc6 36. Bf4 Nd7 37. Bd6 Bd5 38. Rb4 Kd8 39. Rc3 Nf6 40. Rb8+ Kd7 41. Rb7+ Kc8 42. Rb6 Ne4 43. Rxc6+ Bxc6 44. Rb3 Kd7 45. Rb6 Nxd6 46. cxd6 a5 47. Ra6 a4 48. Ra7+ Kxd6 49. Rxh7 Bf3 50. Ra7 Bd1 51. Ra5 Ke6 52. f4 Bb3 53. Kf2 Bd1 54. Ke3 Bb3 55. Kd4 Bd1 56. Ra6+ 1-0

[Event "Oberliga Nord N 1617"]
[Site "Germany"]
[Date "2017.02.05"]
[Round "5.4"]
[White "Voigt, Martin"]
[Black "Hermesmann, Hans"]
[Result "1/2-1/2"]
[WhiteElo "2340"]
[BlackElo "2278"]
[PlyCount "80"]
[EventDate "2016.10.16"]
[EventType "team-tourn"]
[EventRounds "9"]
[EventCountry "GER"]
[SourceTitle "EXT 2018"]
[Source "ChessBase"]
[SourceDate "2017.10.13"]
[SourceVersion "1"]
[SourceVersionDate "2017.10.13"]
[SourceQuality "1"]
[WhiteTeam "St Pauli"]
[BlackTeam "Hamburg Schachfreunde"]
[WhiteTeamCountry "GER"]
[BlackTeamCountry "GER"]

1. e4 c5 2. Nf3 e6 3. d4 cxd4 4. Nxd4 Nc6 5. Nc3 Nge7 6. Ndb5 Ng6 7. Nd6+ Bxd6 8. Qxd6 Qe7 9. Qg3 Nb4 10. Bd3 Nxd3+ 11. cxd3 0-0 12. h4 f5 13. f4 Nh8 14. Be3 b5 15. exf5 b4 16. f6 Rxf6 17. Ne4 Rf5 18. Rc1 d6 19. Bd4 Ng6 20. 0-0 Bb7 21. Qg4 Rd5 22. h5 Rxd4 23. hxg6 Bxe4 24. dxe4 Rxe4 25. Qf3 d5 26. gxh7+ Kxh7 27. f5 Qf6 28. fxe6 Qd4+ 29. Qf2 Qe5 30. Qf5+ Qxf5 31. Rxf5 Rd8 32. Rc7 Rxe6 33. Rff7 Rg6 34. Rcd7 Rc8 35. Rxd5 Rc2 36. Rf2 Rc1+ 37. Kh2 Rh6+ 38. Kg3 Rg6+ 39. Kh2 Rh6+ 40. Kg3 Rg6+ 1/2-1/2